| 000 | 01667cad a22002535a 4500 | ||
|---|---|---|---|
| 001 | L156804 | ||
| 008 | 120716s2012 xxkd f 000 0 eng d | ||
| 035 | _a(Sirsi) u156804 | ||
| 041 | 0 | _aeng | |
| 050 | 0 | 4 | _a338.4569 $2 18 |
| 110 | 2 |
_aFederation of Master Builders _9465 |
|
| 245 | 0 | 0 |
_aFMB state of trade survey _bsecond quarter 2012 _h[electronic resource] |
| 260 |
_aLondon _bFMB _c2012 |
||
| 490 | 0 |
_aFMB State of Trade Survey _vSecond Quarter 2012 |
|
| 505 | 2 | _aSummary -- Workload -- Residential workload -- Non-residential workload -- Expected workload and enquiries -- Residential expected workload -- Non-residential expected workload and enquiries -- Residential expected workload -- Non-residential expected workload -- Prices and costs -- Employment and labour -- Regional perspective | |
| 520 | _aThere was no let up in Q2 2012 as overall SME workloads declined again, according to the latest State of Trade survey from the FMB. However, one quarter of firms indicated that workloads had risen during the quarter, a slight improvement from the 23% in the first quarter of the year. The outlook for the coming three months has deteriorated, with 22% of respondents reporting positive expectations for workloads, down from 27% three months ago. Around 38% anticipated a fall. | ||
| 521 | 2 | _aAdvanced | |
| 590 | _aKA NTK | ||
| 650 | 2 | 4 | _aFEDERATION OF MASTER BUILDERS STATE OF TRADE SURVEY |
| 651 | 4 |
_aUnited Kingdom _y |
|
| 690 |
_aConstruction management _96230 |
||
| 856 | 4 | 0 |
_uhttps://www.fmb.org.uk/information-and-help/publications/state-of-trade-survey/2012/?entryid24=485700 _zView the survey free of charge at www.fmb.org.uk |
| 942 | _n0 | ||
| 999 |
_c114422 _d114422 |
||